00361nam a22001097a 450000500170000000800410001704000100005810000260006824500320009425000080012626001170013420250228061817.0250228b |||||||| |||| 00| 0 eng d c  aTHONGCHI YESHE DORJEE aMOI AKO JANAM LOMhASSAMESE a4TH aGUWAHATIbANANTA HAZARIKA, ON BEHALF OF M/S BANALATA, JASWANTA ROAD, PANBAZAR, GUWAHATI- 781001cSEPTEMBER- 2020